[Event "1. Bundesliga 2014/2015"]
[Site "Feffernitz, St. Veit/Glan, Mayrhofen"]
[Date "2015.02.26"]
[Round "5"]
[Board "1"]
[White "Schneider, Ilja"]
[Black "Bromberger, Stefan"]
[Result "1/2-1/2"]
[WhiteElo "2495"]
[BlackElo "2544"]
[PlyCount "63"]
[EventDate "2014.11.20"]
[EventType "team"]
[EventRounds "11"]
[EventCountry "AUT"]
[WhiteTeam "ASVOE Wulkaprodersdorf"]
[BlackTeam "SIR Royal Salzburg"]

1.e4 e5 2.Nf3 Nc6 3.Nc3 Nf6 4.d4 exd4 5.Nxd4 Bb4 6.Nxc6 bxc6 7.Bd3 d5 8.exd5 O-O 9.O-O
cxd5 10.h3 Be6 11.Bf4 Bd6 12.Qf3 Bxf4 13.Qxf4 Qb8 14.Na4 c5 15.Qxb8 Raxb8 16.Nxc5
Rxb2 17.Rfe1 Nd7 18.Rxe6 Nxc5 19.Rd6 Nxd3 20.cxd3 Rc8 21.Rxd5 g6 22.a4 Rcc2 23.Rf1
Rd2 24.Rd4 Ra2 25.g3 h5 26.Kg2 Kf8 27.h4 Kg7 28.Kf3 Kf8 29.Ke4 Re2+ 30.Kf3 Red2 31.Kg2
Kg7 32.Kf3 1/2-1/2

[Event "1. Bundesliga 2014/2015"]
[Site "Feffernitz, St. Veit/Glan, Mayrhofen"]
[Date "2015.02.26"]
[Round "5"]
[Board "2"]
[White "Mons, Leon"]
[Black "Antal, Gergely"]
[Result "1/2-1/2"]
[WhiteElo "2446"]
[BlackElo "2510"]
[PlyCount "72"]
[EventDate "2014.11.20"]
[EventType "team"]
[EventRounds "11"]
[EventCountry "AUT"]
[WhiteTeam "SIR Royal Salzburg"]
[BlackTeam "ASVOE Wulkaprodersdorf"]

1.e4 c6 2.Nf3 d5 3.Nc3 Bg4 4.h3 Bxf3 5.Qxf3 e6 6.d4 dxe4 7.Qxe4 Nf6 8.Qd3 Na6 9.a3
Qa5 10.Be2 Nb4 11.Qd2 Nbd5 12.O-O Nxc3 13.bxc3 Bd6 14.Bf3 Rd8 15.Qg5 Qxg5 16.Bxg5
Be7 17.Rab1 Rd7 18.c4 O-O 19.c3 Rc8 20.c5 Nd5 21.Bd2 h6 22.c4 Nf6 23.Be3 Nh7 24.d5
Ng5 25.Bg4 cxd5 26.cxd5 Rxd5 27.h4 Ne4 28.Bf3 f5 29.Rxb7 Bxc5 30.Bxe4 fxe4 31.Rc1
Rc6 32.Rxc5 Rcxc5 33.Bxc5 Rxc5 34.Rxa7 Rc1+ 35.Kh2 e3 36.fxe3 Re1 1/2-1/2

[Event "1. Bundesliga 2014/2015"]
[Site "Feffernitz, St. Veit/Glan, Mayrhofen"]
[Date "2015.02.26"]
[Round "5"]
[Board "3"]
[White "Thiede, Lars"]
[Black "Seyb, Alexander"]
[Result "1-0"]
[WhiteElo "2441"]
[BlackElo "2427"]
[PlyCount "81"]
[EventDate "2014.11.20"]
[EventType "team"]
[EventRounds "11"]
[EventCountry "AUT"]
[WhiteTeam "ASVOE Wulkaprodersdorf"]
[BlackTeam "SIR Royal Salzburg"]

1.g3 d5 2.Bg2 Nf6 3.Nf3 g6 4.O-O Bg7 5.d3 O-O 6.Nbd2 c5 7.e4 Nc6 8.exd5 Nxd5 9.a3
b6 10.Rb1 Bb7 11.Re1 Re8 12.Nc4 Qc7 13.c3 Rad8 14.Qe2 Bxc3 15.bxc3 Nxc3 16.Qc2 Nxb1
17.Qxb1 Nd4 18.Nxd4 Rxd4 19.Bf4 Rxf4 20.gxf4 Bxg2 21.Kxg2 Qxf4 22.Re3 Rd8 23.Qe1 e6
24.a4 Rd5 25.Rg3 Kg7 26.Qe3 Qf6 27.h3 Qa1 28.Rf3 Qxa4 29.Nd6 Qc6 30.Nxf7 Rf5 31.Ng5
Rxf3 32.Qxf3 Qd5 33.Ne4 Qd4 34.Qf4 h5 35.Qc7+ Kh6 36.Qf4+ Kg7 37.Qc7+ Kh6 38.h4 Qd5
39.Qf4+ Kh7 40.Qf7+ Kh8 41.f3 1-0

[Event "1. Bundesliga 2014/2015"]
[Site "Feffernitz, St. Veit/Glan, Mayrhofen"]
[Date "2015.02.26"]
[Round "5"]
[Board "4"]
[White "Pitl, Gregory"]
[Black "Volkmann, Friedrich Karl"]
[Result "1/2-1/2"]
[WhiteElo "2387"]
[BlackElo "2445"]
[PlyCount "73"]
[EventDate "2014.11.20"]
[EventType "team"]
[EventRounds "11"]
[EventCountry "AUT"]
[WhiteTeam "SIR Royal Salzburg"]
[BlackTeam "ASVOE Wulkaprodersdorf"]

1.d4 d5 2.c4 c6 3.Nf3 Nf6 4.Nc3 e6 5.g3 dxc4 6.Bg2 Nbd7 7.O-O Bd6 8.Bf4 Bxf4 9.gxf4
O-O 10.a4 a5 11.e3 Nd5 12.Nd2 Qe7 13.Nxc4 Qb4 14.Rc1 b6 15.Na2 Qe7 16.Qb3 Ba6 17.Rfd1
Rab8 18.Nc3 Qb4 19.Qxb4 Nxb4 20.b3 Rfd8 21.Ne4 Kf8 22.Ne5 Nxe5 23.fxe5 Bd3 24.Nd6
Bc2 25.Rxc2 Nxc2 26.Bxc6 Nb4 27.Bb5 Ra8 28.Rc1 Ra7 29.e4 f6 30.f4 fxe5 31.fxe5 g6
32.Kf2 Kg7 33.Ke3 Re7 34.Nc8 Rb7 35.Nd6 Re7 36.Nc8 Rb7 37.Nd6 1/2-1/2

[Event "1. Bundesliga 2014/2015"]
[Site "Feffernitz, St. Veit/Glan, Mayrhofen"]
[Date "2015.02.26"]
[Round "5"]
[Board "5"]
[White "Wallner, Joachim"]
[Black "Lauer, Moritz"]
[Result "0-1"]
[WhiteElo "2331"]
[BlackElo "2379"]
[PlyCount "98"]
[EventDate "2014.11.20"]
[EventType "team"]
[EventRounds "11"]
[EventCountry "AUT"]
[WhiteTeam "ASVOE Wulkaprodersdorf"]
[BlackTeam "SIR Royal Salzburg"]

1.Nf3 Nf6 2.b3 b6 3.g3 Bb7 4.Bg2 e6 5.Bb2 Be7 6.O-O O-O 7.d3 d6 8.Nbd2 c5 9.e4 Nc6
10.Re1 Nd7 11.d4 cxd4 12.Nxd4 Nxd4 13.Bxd4 Qc7 14.c4 Bf6 15.Nf1 Rfd8 16.Rc1 Bxd4 17.Qxd4
Nc5 18.Qe3 e5 19.Nd2 Ne6 20.Nf3 a5 21.Bh3 Nf8 22.Nd2 Qc5 23.Qc3 Ng6 24.Nb1 Ne7 25.Qb2
Nc6 26.Nc3 Nd4 27.Re3 Bc8 28.Bxc8 Qxc8 29.Nd5 Qb7 30.a4 f5 31.exf5 Nxf5 32.Re4 Rab8
33.f4 Nd4 34.Kg2 Nc6 35.f5 Rf8 36.Rf1 Nb4 37.Qd2 Nxd5 38.cxd5 Rbc8 39.Rc4 Rc5 40.Rxc5
bxc5 41.Qd3 Qb4 42.Qf3 Qd4 43.Rd1 e4 44.Qe2 Qe5 45.g4 Rb8 46.Re1 Qxd5 47.Rd1 Qe5 48.Qc4+
Kf8 49.Rd2 Qf4 0-1

[Event "1. Bundesliga 2014/2015"]
[Site "Feffernitz, St. Veit/Glan, Mayrhofen"]
[Date "2015.02.26"]
[Round "5"]
[Board "6"]
[White "Lammers, Markus"]
[Black "Mesaros, Florian"]
[Result "1/2-1/2"]
[WhiteElo "2326"]
[BlackElo "2355"]
[PlyCount "117"]
[EventDate "2014.11.20"]
[EventType "team"]
[EventRounds "11"]
[EventCountry "AUT"]
[WhiteTeam "SIR Royal Salzburg"]
[BlackTeam "ASVOE Wulkaprodersdorf"]

1.Nf3 Nf6 2.g3 g6 3.Bg2 Bg7 4.O-O d5 5.c4 c6 6.cxd5 cxd5 7.d4 Nc6 8.Nc3 Ne4 9.Bf4
Nxc3 10.bxc3 O-O 11.Ne5 Nxe5 12.dxe5 Be6 13.Rb1 Rb8 14.Qd4 Qa5 15.a4 Rfc8 16.Rb5 Qxc3
17.Qxa7 Bxe5 18.Bxe5 Qxe5 19.e4 Bd7 20.Rxd5 Qc7 21.Qd4 Be6 22.Rb5 Rd8 23.Qb4 b6 24.h4
Qd6 25.Rb1 Qxb4 26.R1xb4 Bd7 27.Rd5 Bc6 28.Rxd8+ Rxd8 29.e5 Bxg2 30.Kxg2 Ra8 31.Kf3
Kf8 32.Ke4 e6 33.Kd3 Ke7 34.Kc3 Ra5 35.Kb3 Ra6 36.Rc4 Kd7 37.Kb4 Ra5 38.Rd4+ Kc6 39.Rc4+
Kd7 40.Rd4+ Kc6 41.Rf4 Rxe5 42.Rxf7 Re4+ 43.Kb3 Re2 44.g4 Kc5 45.g5 e5 46.Rxh7 Rxf2
47.Rc7+ Kd5 48.Rg7 Rf3+ 49.Kb4 Rf4+ 50.Kb5 Rxh4 51.Rxg6 e4 52.Rg8 e3 53.Re8 Re4 54.Rxe4
Kxe4 55.g6 e2 56.g7 e1=Q 57.g8=Q Qa5+ 58.Kc6 Qxa4+ 59.Kxb6 1/2-1/2

[Event "1. Bundesliga 2014/2015"]
[Site "Feffernitz, St. Veit/Glan, Mayrhofen"]
[Date "2015.02.27"]
[Round "6"]
[Board "1"]
[White "Haba, Petr"]
[Black "Bromberger, Stefan"]
[Result "0-1"]
[WhiteElo "2512"]
[BlackElo "2544"]
[PlyCount "82"]
[EventDate "2014.11.20"]
[EventType "team"]
[EventRounds "11"]
[EventCountry "AUT"]
[WhiteTeam "Spk. Grieskirchen/Schallerbach"]
[BlackTeam "SIR Royal Salzburg"]

1. d4 Nf6 2. c4 g6 3. f3 Bg7 4. e4 d6 5. Nc3 O-O 6. Be3 Nc6 7. Nge2 Na5 8. Ng3
h5 9. Be2 h4 10. Nf1 a6 11. Nd2 Nd7 12. Rc1 c5 13. d5 Rb8 14. b3 Bd4 15. Bxd4
cxd4 16. Na4 b5 17. Nb2 Qb6 18. Bd3 e5 19. O-O b4 20. f4 Nb7 21. Qg4 Qd8 22.
Nf3 Nbc5 23. f5 Nf6 24. Qxh4 Nfxe4 25. f6 Qxf6 26. Qe1 Bf5 27. g4 Nf2 28. Bxf5
Nh3+ 29. Kh1 gxf5 30. Nxd4 f4 31. Nc6 e4 32. Rc2 Rbe8 33. g5 Qg6 34. Qh4 e3 35.
Rg2 e2 36. Re1 f3 37. Qxh3 fxg2+ 38. Qxg2 Qc2 39. g6 fxg6 40. Nd4 Qe4 41. Rxe2
Rf1# 0-1

[Event "1. Bundesliga 2014/2015"]
[Site "Feffernitz, St. Veit/Glan, Mayrhofen"]
[Date "2015.02.27"]
[Round "6"]
[Board "2"]
[White "Mons, Leon"]
[Black "Kilgus, Georg"]
[Result "1-0"]
[WhiteElo "2446"]
[BlackElo "2429"]
[PlyCount "115"]
[EventDate "2014.11.20"]
[EventType "team"]
[EventRounds "11"]
[EventCountry "AUT"]
[WhiteTeam "SIR Royal Salzburg"]
[BlackTeam "Spk. Grieskirchen/Schallerbach"]

1. e4 c5 2. Nf3 Nc6 3. Bb5 g6 4. Bxc6 bxc6 5. O-O Bg7 6. Re1 Nh6 7. c3 O-O 8.
d4 cxd4 9. cxd4 d5 10. e5 f6 11. h3 fxe5 12. Nxe5 Qb6 13. b3 Nf7 14. Be3 Nxe5
15. dxe5 Qb4 16. Qd2 Qxd2 17. Nxd2 Bxe5 18. Rac1 Bd7 19. Bh6 Bg7 20. Bxg7 Kxg7
21. Rxe7+ Rf7 22. Rce1 Kf8 23. Rxf7+ Kxf7 24. Nf3 Kf6 25. Ne5 Rd8 26. f4 h6 27.
h4 h5 28. Kf2 Be8 29. Rc1 Rc8 30. Rc5 Ke6 31. Ke3 Kd6 32. b4 Bd7 33. Kd4 Bf5
34. Ra5 Rc7 35. a3 Bc8 36. Rc5 Bf5 37. g3 Be4 38. Ra5 Bg2 39. Rc5 Be4 40. Ra5
Bf5 41. Ra6 Bc8 42. Ra4 Re7 43. Ra5 Rg7 44. Rc5 Bb7 45. Rc3 Rg8 46. Re3 Rg7 47.
Nf3 Bc8 48. Re8 Bf5 49. Ne5 a5 50. Rd8+ Kc7 51. Ra8 axb4 52. Ra7+ Kd6 53. Rxg7
c5+ 54. Ke3 bxa3 55. Ra7 d4+ 56. Kd2 Kd5 57. Rxa3 Ke4 58. Ra5 1-0

[Event "1. Bundesliga 2014/2015"]
[Site "Feffernitz, St. Veit/Glan, Mayrhofen"]
[Date "2015.02.27"]
[Round "6"]
[Board "3"]
[White "Schwabeneder, Florian"]
[Black "Seyb, Alexander"]
[Result "0-1"]
[WhiteElo "2320"]
[BlackElo "2427"]
[PlyCount "92"]
[EventDate "2014.11.20"]
[EventType "team"]
[EventRounds "11"]
[EventCountry "AUT"]
[WhiteTeam "Spk. Grieskirchen/Schallerbach"]
[BlackTeam "SIR Royal Salzburg"]

1. e4 c5 2. Nf3 d6 3. d4 cxd4 4. Nxd4 Nf6 5. Nc3 a6 6. Be2 e5 7. Nb3 Be7 8. O-O
O-O 9. Kh1 Nc6 10. f4 b5 11. Nd5 Bb7 12. Bf3 Re8 13. Be3 Qb8 14. f5 a5 15. g4
a4 16. Nxf6+ Bxf6 17. g5 Bd8 18. Nd2 a3 19. c3 axb2 20. Rb1 Ra3 21. g6 hxg6 22.
fxg6 fxg6 23. Rxb2 Rxc3 24. Rb3 b4 25. Rxc3 bxc3 26. Qb3+ Kh7 27. Qxc3 Ba5 28.
Qd3 Qa8 29. Rg1 Nd4 30. Bxd4 Bxd2 31. Bb2 Bh6 32. Qc4 d5 33. exd5 e4 34. Bg2
Bxd5 35. Qd4 Qxa2 36. Rd1 Ba8 37. Ra1 Qd5 38. Qc3 Qc6 39. Qh3 Qb5 40. Bd4 Qf5
41. Qg3 Rd8 42. Bg1 Rd3 43. Qh4 Bd5 44. Rf1 Qe5 45. Re1 e3 46. Qg3 Rd2 0-1

[Event "1. Bundesliga 2014/2015"]
[Site "Feffernitz, St. Veit/Glan, Mayrhofen"]
[Date "2015.02.27"]
[Round "6"]
[Board "4"]
[White "Pitl, Gregory"]
[Black "Singer, Christoph"]
[Result "1-0"]
[WhiteElo "2387"]
[BlackElo "2358"]
[PlyCount "85"]
[EventDate "2014.11.20"]
[EventType "team"]
[EventRounds "11"]
[EventCountry "AUT"]
[WhiteTeam "SIR Royal Salzburg"]
[BlackTeam "Spk. Grieskirchen/Schallerbach"]

1. e4 e5 2. Nf3 Nc6 3. Bc4 Bc5 4. c3 Nf6 5. d3 d6 6. O-O Bb6 7. Bb3 O-O 8. Re1
Ne7 9. Nbd2 Ng6 10. Nc4 Be6 11. a4 c6 12. Nxb6 Qxb6 13. Bc2 a5 14. h3 h6 15. d4
Rad8 16. Be3 Qc7 17. Nd2 c5 18. d5 Bd7 19. Bd3 b6 20. b4 Ra8 21. Nc4 Rfb8 22.
Bd2 Bxa4 23. Rxa4 b5 24. bxc5 bxa4 25. c6 Rb3 26. Qa1 Nf4 27. Bc2 Rbb8 28. Qa3
Ne8 29. Qxa4 Qe7 30. Bxf4 exf4 31. e5 f3 32. g3 dxe5 33. Nxe5 Nd6 34. c4 Rb4
35. Qa1 Qf6 36. c5 Nb5 37. Nd7 Qd4 38. Qxd4 Nxd4 39. Nb6 Rf8 40. Bd3 Rb3 41.
Bc4 Rc3 42. c7 a4 43. d6 1-0

[Event "1. Bundesliga 2014/2015"]
[Site "Feffernitz, St. Veit/Glan, Mayrhofen"]
[Date "2015.02.27"]
[Round "6"]
[Board "5"]
[White "Lentrodt, Thomas"]
[Black "Lauer, Moritz"]
[Result "1/2-1/2"]
[WhiteElo "2271"]
[BlackElo "2379"]
[PlyCount "140"]
[EventDate "2014.11.20"]
[EventType "team"]
[EventRounds "11"]
[EventCountry "AUT"]
[WhiteTeam "Spk. Grieskirchen/Schallerbach"]
[BlackTeam "SIR Royal Salzburg"]

1. d4 Nf6 2. c4 e6 3. Nc3 Bb4 4. Qc2 c5 5. dxc5 O-O 6. Nf3 Na6 7. a3 Bxc3+ 8.
Qxc3 Nxc5 9. e3 a5 10. Be2 a4 11. O-O d6 12. Bd2 e5 13. Qc2 Bg4 14. Bb4 Qc7 15.
Rfd1 Ra6 16. Bxc5 Qxc5 17. Ne1 Be6 18. Rac1 Rc8 19. Nd3 Qc7 20. Nb4 Raa8 21.
Bd3 g6 22. Qd2 Qe7 23. Rc3 Rc5 24. Rdc1 Nd7 25. Be4 Nb6 26. Bd5 Rac8 27. Qd3
R5c7 28. h3 Nd7 29. Bxe6 fxe6 30. Rd1 Nc5 31. Qxd6 Qxd6 32. Rxd6 Ne4 33. Rxe6
Nxc3 34. bxc3 Rxc4 35. Nd5 Rxc3 36. Nxc3 Rxc3 37. Re7 b6 38. Rb7 Rxa3 39. Rxb6
Kg7 40. Re6 h5 41. g4 hxg4 42. hxg4 Rb3 43. Rxe5 Rb4 44. g5 a3 45. Ra5 a2 46.
Ra7+ Kf8 47. Rxa2 Rg4+ 48. Kf1 Rxg5 49. Ra7 Rb5 50. Ke2 Rf5 51. e4 Rh5 52. Ke3
Rh1 53. f3 Rf1 54. f4 Rd1 55. e5 Rb1 56. Rd7 Re1+ 57. Kf2 Re4 58. Kf3 Re1 59.
Rd5 Ke7 60. Ra5 Kf7 61. Rb5 Ke7 62. Rb4 g5 63. fxg5 Rxe5 64. Kg4 Kf7 65. Kh5
Re6 66. g6+ Kg8 67. Rb8+ Kg7 68. Rb7+ Kg8 69. Kh6 Re8 70. Kg5 Re1 1/2-1/2

[Event "1. Bundesliga 2014/2015"]
[Site "Feffernitz, St. Veit/Glan, Mayrhofen"]
[Date "2015.02.27"]
[Round "6"]
[Board "6"]
[White "Lammers, Markus"]
[Black "Obermayr, Hermann"]
[Result "1-0"]
[WhiteElo "2326"]
[BlackElo "2182"]
[PlyCount "91"]
[EventDate "2014.11.20"]
[EventType "team"]
[EventRounds "11"]
[EventCountry "AUT"]
[WhiteTeam "SIR Royal Salzburg"]
[BlackTeam "Spk. Grieskirchen/Schallerbach"]

1. d4 e6 2. Nf3 f5 3. g3 Nf6 4. Bg2 c6 5. O-O d5 6. c4 Bd6 7. Qc2 O-O 8. Nc3
Qe7 9. Bf4 Bxf4 10. gxf4 Ne4 11. e3 Nd7 12. Kh1 Kh8 13. Rg1 Ndf6 14. Ne5 Bd7
15. Bf3 Be8 16. Qe2 Nd7 17. Rg2 Nxe5 18. fxe5 g5 19. h3 Rg8 20. Rag1 Rg7 21.
Bh5 Bxh5 22. Qxh5 Nxc3 23. bxc3 Rag8 24. c5 b6 25. cxb6 axb6 26. a4 Qd8 27. Qh6
Rg6 28. Qh5 R6g7 29. f4 gxf4 30. exf4 Rxg2 31. Rxg2 Rxg2 32. Kxg2 Kg7 33. Kf3
h6 34. Ke3 Qe7 35. Kd3 Qd8 36. Kc2 Qe7 37. Kb3 Qd8 38. Qe2 Qa8 39. h4 Kh7 40.
h5 Qe8 41. Qa6 Qb8 42. c4 Qd8 43. Qb7+ Kg8 44. Qxc6 dxc4+ 45. Kxc4 Kf7 46. d5
 1-0

[Event "1. Bundesliga 2014/2015"]
[Site "Feffernitz, St. Veit/Glan, Mayrhofen"]
[Date "2015.02.27"]
[Round "6"]
[Board "1"]
[White "Maslik, Miroslav"]
[Black "Schneider, Ilja"]
[Result "0-1"]
[WhiteElo "2365"]
[BlackElo "2495"]
[PlyCount "68"]
[EventDate "2014.11.20"]
[EventType "team"]
[EventRounds "11"]
[EventCountry "AUT"]
[WhiteTeam "ASVOE Pamhagen"]
[BlackTeam "ASVOE Wulkaprodersdorf"]

1. d4 d5 2. Nf3 Nf6 3. c4 e6 4. Nc3 dxc4 5. e3 a6 6. Bxc4 b5 7. Bb3 Bb7 8. O-O
Nbd7 9. e4 Nxe4 10. Nxe4 Bxe4 11. d5 Nc5 12. dxe6 fxe6 13. Nd4 Nxb3 14. axb3
Qd5 15. Qg4 Bf5 16. Nxf5 Qxf5 17. Qg3 Qf7 18. Qc3 c5 19. Qe5 Be7 20. Rxa6 O-O
21. Qxe6 Rxa6 22. Qxa6 Qxb3 23. Be3 Qxb2 24. Qe6+ Rf7 25. g3 Qf6 26. Qb3 b4 27.
Rc1 Kh8 28. Qc4 Rf8 29. Bxc5 Rc8 30. Bxe7 Rxc4 31. Rxc4 Qa1+ 32. Kg2 Qa8+ 33.
Kg1 b3 34. Rb4 b2 0-1

[Event "1. Bundesliga 2014/2015"]
[Site "Feffernitz, St. Veit/Glan, Mayrhofen"]
[Date "2015.02.27"]
[Round "6"]
[Board "2"]
[White "Antal, Gergely"]
[Black "Vitouch, Anatol"]
[Result "1-0"]
[WhiteElo "2510"]
[BlackElo "2336"]
[PlyCount "55"]
[EventDate "2014.11.20"]
[EventType "team"]
[EventRounds "11"]
[EventCountry "AUT"]
[WhiteTeam "ASVOE Wulkaprodersdorf"]
[BlackTeam "ASVOE Pamhagen"]

1. e4 c5 2. Nf3 g6 3. d4 cxd4 4. Nxd4 Nc6 5. c4 Nf6 6. Nc3 Nxd4 7. Qxd4 d6 8.
Be3 Bg7 9. f3 O-O 10. Qd2 Be6 11. Rc1 Qa5 12. Be2 Rfc8 13. b3 a6 14. Na4 Qxd2+
15. Kxd2 Nd7 16. g4 f5 17. exf5 gxf5 18. h3 Rf8 19. f4 d5 20. gxf5 Bxf5 21.
cxd5 Be4 22. Rhg1 Bxd5 23. Bd4 Nf6 24. Nb6 Rad8 25. Nxd5 Kh8 26. Bf3 Rxd5 27.
Bxd5 Rd8 28. Bxf6 1-0

[Event "1. Bundesliga 2014/2015"]
[Site "Feffernitz, St. Veit/Glan, Mayrhofen"]
[Date "2015.02.27"]
[Round "6"]
[Board "3"]
[White "Jacko, Vladimir"]
[Black "Thiede, Lars"]
[Result "1/2-1/2"]
[WhiteElo "2284"]
[BlackElo "2441"]
[PlyCount "77"]
[EventDate "2014.11.20"]
[EventType "team"]
[EventRounds "11"]
[EventCountry "AUT"]
[WhiteTeam "ASVOE Pamhagen"]
[BlackTeam "ASVOE Wulkaprodersdorf"]

1. e4 d6 2. d4 Nf6 3. Nc3 e5 4. Nf3 exd4 5. Nxd4 Be7 6. Bf4 O-O 7. Qd2 d5 8.
Ndb5 Bb4 9. O-O-O c6 10. Nc7 Nxe4 11. Qe3 Nxc3 12. bxc3 Ba3+ 13. Kd2 Nd7 14.
Nxa8 Bc5 15. Qd3 Qf6 16. Qg3 d4 17. Bd3 dxc3+ 18. Ke2 h6 19. Rhe1 g5 20. Bc7
Bd4 21. Kf1 Nc5 22. Be5 Bxe5 23. Qxe5 Qxe5 24. Rxe5 Nxd3 25. Rxd3 Be6 26. Nc7
Bc4 27. Ke2 Bxd3+ 28. Kxd3 Rd8+ 29. Kxc3 Kf8 30. Ra5 Rc8 31. Na6 bxa6 32. Rxa6
Rc7 33. Kd4 Kg7 34. c4 Re7 35. Kd3 Rd7+ 36. Ke3 Re7+ 37. Kf3 Rc7 38. Ke4 Re7+
39. Kf3 1/2-1/2

[Event "1. Bundesliga 2014/2015"]
[Site "Feffernitz, St. Veit/Glan, Mayrhofen"]
[Date "2015.02.27"]
[Round "6"]
[Board "4"]
[White "Volkmann, Friedrich Karl"]
[Black "Kuthan, Andreas"]
[Result "1-0"]
[WhiteElo "2445"]
[BlackElo "2240"]
[PlyCount "73"]
[EventDate "2014.11.20"]
[EventType "team"]
[EventRounds "11"]
[EventCountry "AUT"]
[WhiteTeam "ASVOE Wulkaprodersdorf"]
[BlackTeam "ASVOE Pamhagen"]

1. d4 Nf6 2. Nf3 g6 3. g3 Bg7 4. Bg2 O-O 5. O-O d6 6. a4 Nbd7 7. a5 a6 8. Nc3
e5 9. dxe5 dxe5 10. h3 Re8 11. Be3 Qe7 12. Qc1 Nc5 13. Rd1 c6 14. Ra3 Nfd7 15.
Ng5 Nf6 16. Na4 Nxa4 17. Rxa4 Bd7 18. c4 h6 19. Nf3 Kh7 20. Ra3 e4 21. Nd2 c5
22. Nxe4 Nxe4 23. Bxe4 Bxh3 24. Bf3 Rad8 25. Rad3 Bf5 26. Bxc5 Rxd3 27. Bxe7
Bxb2 28. exd3 Bxc1 29. Bc5 Bb2 30. Bxb7 Bc3 31. Bb6 Bg4 32. f3 Bd7 33. Kf2 Ba4
34. Rh1 Bd2 35. g4 Bc2 36. Be4 Re5 37. d4 1-0

[Event "1. Bundesliga 2014/2015"]
[Site "Feffernitz, St. Veit/Glan, Mayrhofen"]
[Date "2015.02.27"]
[Round "6"]
[Board "5"]
[White "Prinzjakowitsch, Bernhard"]
[Black "Wallner, Joachim"]
[Result "1/2-1/2"]
[WhiteElo "2178"]
[BlackElo "2331"]
[PlyCount "127"]
[EventDate "2014.11.20"]
[EventType "team"]
[EventRounds "11"]
[EventCountry "AUT"]
[WhiteTeam "ASVOE Pamhagen"]
[BlackTeam "ASVOE Wulkaprodersdorf"]

1. e4 e5 2. Nf3 Nc6 3. Bb5 a6 4. Bxc6 dxc6 5. d4 exd4 6. Qxd4 Qxd4 7. Nxd4 Nf6
8. O-O c5 9. Nb3 Be6 10. Nc3 Be7 11. Bf4 O-O-O 12. h3 c4 13. Nd2 Nd7 14. Nf3
Bb4 15. Ng5 Bxc3 16. bxc3 Rhe8 17. Be3 f6 18. Nxe6 Rxe6 19. f3 f5 20. Bd4 fxe4
21. Rae1 c5 22. Bf2 Rde8 23. Re3 exf3 24. Rxf3 h6 25. Rd1 R8e7 26. Rf5 b6 27.
Rfd5 Re2 28. R5d2 Rxd2 29. Rxd2 Nf6 30. Kf1 Ne4 31. Re2 Kd7 32. Be1 Kc6 33. Re3
Re6 34. Ke2 Kd5 35. g4 b5 36. Kf1 Ng5 37. Rg3 Ke4 38. Kg2 Rd6 39. h4 Ne6 40.
Kf2 Kd5 41. Re3 g5 42. hxg5 Nxg5 43. Kg2 Ne4 44. Bh4 Re6 45. Be1 a5 46. Bh4 b4
47. cxb4 axb4 48. a3 Ng5 49. Rxe6 Nxe6 50. axb4 cxb4 51. Be7 b3 52. cxb3 cxb3
53. Ba3 Nf4+ 54. Kg3 Ke4 55. Kh4 Kf3 56. Bb2 Nd3 57. Ba1 Nf2 58. g5 hxg5+ 59.
Kxg5 Ke4 60. Kf6 Nd1 61. Ke6 Ne3 62. Kd6 Nc2 63. Bb2 Nb4 64. Ba1 1/2-1/2

[Event "1. Bundesliga 2014/2015"]
[Site "Feffernitz, St. Veit/Glan, Mayrhofen"]
[Date "2015.02.27"]
[Round "6"]
[Board "6"]
[White "Mesaros, Florian"]
[Black "Rusek, Walter"]
[Result "1-0"]
[WhiteElo "2355"]
[BlackElo "1811"]
[PlyCount "117"]
[EventDate "2014.11.20"]
[EventType "team"]
[EventRounds "11"]
[EventCountry "AUT"]
[WhiteTeam "ASVOE Wulkaprodersdorf"]
[BlackTeam "ASVOE Pamhagen"]

1. Nf3 d5 2. d4 Nf6 3. c4 c6 4. Nc3 dxc4 5. a4 Bf5 6. Nh4 e6 7. Nxf5 exf5 8. e3
Bb4 9. Bxc4 O-O 10. O-O Nbd7 11. Qc2 g6 12. f3 Be7 13. e4 Nb6 14. Qd3 Nxc4 15.
Qxc4 Qd7 16. Bh6 Rfe8 17. Rad1 Rac8 18. Qd3 fxe4 19. fxe4 Nh5 20. Qf3 Bf8 21.
Bxf8 Rxf8 22. g4 Ng7 23. e5 Qe6 24. Ne4 Ne8 25. Qh3 h5 26. Nc5 Qe7 27. gxh5 Ng7
28. Nd7 Qg5+ 29. Kh1 Nxh5 30. Nxf8 Rxf8 31. Qf3 Ng7 32. Rg1 Qf5 33. Qxf5 Nxf5
34. Rd3 Rd8 35. Rgd1 Ne7 36. Rb3 Rd7 37. Kg2 Nd5 38. Kf3 Nb6 39. Ke4 Nxa4 40.
Ra1 b5 41. Rc1 f5+ 42. exf6 Rd6 43. Ke5 Rd5+ 44. Ke6 Rxd4 45. Rxc6 Re4+ 46. Kd5
Rf4 47. Ke5 Rf5+ 48. Kd4 Kf7 49. Rh3 Rf4+ 50. Ke3 Rxf6 51. Rh7+ Kg8 52. Rxf6
Kxh7 53. Rf7+ Kh6 54. b4 Nc3 55. Kd4 Ne2+ 56. Kd3 Nc1+ 57. Kd2 Nb3+ 58. Kc3 Nc1
59. Rf2 1-0

[Event "1. Bundesliga 2014/2015"]
[Site "Feffernitz, St. Veit/Glan, Mayrhofen"]
[Date "2015.02.27"]
[Round "6"]
[Board "1"]
[White "Lenic, Luka"]
[Black "Votava, Jan"]
[Result "1/2-1/2"]
[WhiteElo "2648"]
[BlackElo "2524"]
[PlyCount "75"]
[EventDate "2014.11.20"]
[EventType "team"]
[EventRounds "11"]
[EventCountry "AUT"]
[WhiteTeam "SV Raika Rapid Feffernitz"]
[BlackTeam "Mayrhofen/SK Zell/Zillertal"]

1. d4 Nf6 2. c4 g6 3. Nf3 Bg7 4. e3 O-O 5. Be2 c5 6. d5 e6 7. Nc3 exd5 8. cxd5
d6 9. O-O a6 10. a4 Nbd7 11. Nd2 Ne8 12. Qc2 f5 13. Rb1 Qc7 14. b3 Rb8 15. Bb2
Ne5 16. f4 Ng4 17. Bxg4 fxg4 18. Nd1 b5 19. axb5 axb5 20. e4 Qe7 21. Bxg7 Nxg7
22. Qc3 Bd7 23. Ne3 Rbe8 24. Rbe1 Nh5 25. g3 g5 26. Ng2 gxf4 27. gxf4 Bc8 28.
Rf2 Qg7 29. Qxg7+ Kxg7 30. b4 Nf6 31. Rfe2 cxb4 32. Nb3 Nd7 33. Rc2 Nf6 34.
Rce2 Nd7 35. Rc2 Nf6 36. Nd2 Rf7 37. Rb2 Rfe7 38. Rxb4 1/2-1/2

[Event "1. Bundesliga 2014/2015"]
[Site "Feffernitz, St. Veit/Glan, Mayrhofen"]
[Date "2015.02.27"]
[Round "6"]
[Board "2"]
[White "Lanka, Zigurds"]
[Black "Skoberne, Jure"]
[Result "1-0"]
[WhiteElo "2422"]
[BlackElo "2555"]
[PlyCount "65"]
[EventDate "2014.11.20"]
[EventType "team"]
[EventRounds "11"]
[EventCountry "AUT"]
[WhiteTeam "Mayrhofen/SK Zell/Zillertal"]
[BlackTeam "SV Raika Rapid Feffernitz"]

1. e4 c5 2. Nf3 Nc6 3. d4 cxd4 4. Nxd4 e5 5. Nb5 d6 6. N1c3 a6 7. Na3 b5 8. Nd5
Nge7 9. c4 Nd4 10. Be3 Nxd5 11. cxd5 Be7 12. Bd3 O-O 13. O-O Bd7 14. f4 Rc8 15.
Bxd4 exd4 16. Nc2 Qb6 17. a3 f5 18. Kh1 fxe4 19. Bxe4 Bf6 20. Qd3 g6 21. Nb4
Rc5 22. Rae1 Kg7 23. g4 a5 24. Nc6 Bxc6 25. dxc6 d5 26. Bg2 Rxc6 27. g5 Bd8 28.
Qh3 Rd6 29. Qh6+ Kg8 30. Re5 Qb7 31. f5 Qd7 32. f6 d3 33. Re7 1-0

[Event "1. Bundesliga 2014/2015"]
[Site "Feffernitz, St. Veit/Glan, Mayrhofen"]
[Date "2015.02.27"]
[Round "6"]
[Board "3"]
[White "Schreiner, Peter"]
[Black "Maiwald, Jens-Uwe"]
[Result "1/2-1/2"]
[WhiteElo "2435"]
[BlackElo "2464"]
[PlyCount "69"]
[EventDate "2014.11.20"]
[EventType "team"]
[EventRounds "11"]
[EventCountry "AUT"]
[WhiteTeam "SV Raika Rapid Feffernitz"]
[BlackTeam "Mayrhofen/SK Zell/Zillertal"]

1. d4 d6 2. Nf3 g6 3. g3 Bg7 4. c4 Nd7 5. Bg2 e5 6. Nc3 Ne7 7. h4 h6 8. h5 g5
9. d5 f5 10. e4 Nc5 11. Nh2 c6 12. g4 fxe4 13. Nxe4 cxd5 14. cxd5 Qa5+ 15. Qd2
Nd3+ 16. Kf1 Qxd2 17. Bxd2 O-O 18. Ke2 Nxb2 19. Nxd6 b6 20. Nxc8 Raxc8 21. Rac1
Rxc1 22. Bxc1 Na4 23. d6 Nc3+ 24. Kd3 Ned5 25. Bxd5+ Nxd5 26. Kc4 Nf6 27. Kb5
Ne4 28. d7 Nc3+ 29. Kc6 Rf6+ 30. Kb7 Rd6 31. Kc8 Rc6+ 32. Kb7 Rd6 33. Kc8 Rc6+
34. Kb7 Rd6 35. Kc8 1/2-1/2